书目信息 |
| 题名: |
“九·一八”抗战史
|
|
| 作者: | 易显石 著 | |
| 分册: | ||
| 出版信息: | 沈阳 辽宁人民出版社 1982 |
|
| 页数: | 357页 | |
| 开本: | 20cm | |
| 丛书名: | 东北文史丛书 | |
| 单 册: | ||
| 中图分类: | K264.2 , K264.3 | |
| 科图分类: | ||
| 主题词: | 抗日战争-战争史--中国--1931~1937年 , 战争史-抗日战争--中国--1931~1937年 , “九·一八”事变(1931) | |
| 电子资源: | ||
| ISBN: | ||
| 000 | 00837nam2 2200265 45 | |
| 001 | 0192012831 | |
| 005 | 20060802170356.89 | |
| 010 | @dCNY1.05 | |
| 100 | @a19920511d1982 em y0chiy0121 ea | |
| 101 | 0 | @achi |
| 102 | @aCN@b210000 | |
| 105 | @ab z 000yy | |
| 200 | 12 | @a“九·一八”抗战史@AJIU YI BA KANG ZHAN SHI@f易显石等著@Fyi xian shi deng zhu |
| 210 | @a沈阳@c辽宁人民出版社@d1982 | |
| 215 | @a357页@d20cm | |
| 225 | 2 | @a东北文史丛书 |
| 410 | 0 | @12001 @a东北文史丛书@1701 0@a王充闾@Awang chong lu@4主编@1701 0@a林 声@Alin sheng@4主编 |
| 606 | @a抗日战争-战争史@y中国@z1931~1937年 | |
| 606 | @a战争史-抗日战争@y中国@z1931~1937年 | |
| 606 | @a“九·一八”事变(1931) | |
| 690 | @aK264.2@v3 | |
| 690 | @aK264.3@v三版 | |
| 701 | 0 | @a易显石@Ayi xian shi@4著 |
| 801 | 0 | @aCN@bTSSF@c20060802 |
| 905 | @a10447@dK264.2@e41 | |
| “九·一八”抗战史/易显石等著.-沈阳:辽宁人民出版社,1982 |
| 357页;20cm.-(东北文史丛书) |
| ISBN :CNY1.05 |
| ● |
| 相关链接 |
|
|
|
|
正题名:"九·一八"抗战史
索取号:K264.2/41
 
预约/预借
| 序号 | 登录号 | 条形码 | 馆藏地/架位号 | 状态 | 备注 |
| 1 | 0436615 | 204366159 | 密集书库/ [索取号:K264.2/41] | 在馆 | |
| 2 | 0444323 | 204443236 | 密集书库/ [索取号:K264.2/41] | 在馆 |